Stay Stay Stay (TV) - Taylor Swift (All Lyrics) - Statistics

General Stats
  • This quiz has been taken 116 times
    105 since last reset
  • The average score is 297 of 331
Answer Stats
Lyrics % Correct
"Stay,
100%
stay,
100%
stay"
100%
stay
100%
Stay
100%
Stay,
100%
stay.
100%
be
98%
been
98%
But
98%
but
98%
for
98%
For
98%
I
98%
So
98%
so
98%
you
98%
You
98%
you,
98%
a
96%
it
96%
me
96%
my
96%
My
96%
quite
96%
some
96%
the
96%
time,
96%
time
96%
I'm
94%
it's
94%
It's
94%
I've
94%
that
94%
we
94%
And
92%
and
92%
at
92%
loving
92%
when
92%
if
90%
in
90%
No
90%
said
90%
said,
90%
to
90%
Who
90%
best
88%
on
88%
should
88%
think
88%
all
87%
All
87%
'Cause
87%
fun
87%
funny
87%
mad,
87%
mad
87%
talk
87%
talk"
87%
about
85%
across
85%
both
85%
I'll
85%
is
85%
out
85%
phone
85%
room
85%
up
85%
I'd
83%
leave
83%
let's
83%
life
83%
love
83%
night
83%
threw
83%
was
83%
whole
83%
with
83%
almost
81%
broke
81%
fight
81%
get
81%
helmet
81%
last
81%
like
81%
"Okay,
81%
one
81%
pretty
81%
sure
81%
came
79%
football
79%
hang
79%
just
79%
never
79%
stayed
79%
That's
79%
This
79%
away
77%
else
77%
gonna
77%
of
77%
unresolved
77%
choice
75%
dramatic
75%
turn
75%
wearing
75%
expecting
73%
now
73%
took
73%
because
71%
given
71%
have
71%
morning,
71%
always
69%
read
69%
those
69%
laughing
67%
memorize
67%
problems
67%
times
67%
Before
65%
didn't
65%
occurring
65%
carry
63%
dated
63%
dreams
63%
groceries
63%
only
63%
self
63%
their
63%
fears,
62%
hanging
62%
takers
62%
hopes
58%
indulgent
54%
No matching quizzes found
Score Distribution
Percent of People with Each Score
Percentile by Number Answered
Your Score History
You have not taken this quiz since the last reset